<?xml version="1.0" encoding="UTF-8"?>
<marc:record xmlns:marc="http://www.loc.gov/MARC21/slim">
   <marc:leader>00000nam a2200000 a 4500</marc:leader>
   <marc:datafield ind1="1" ind2=" " tag="100">
      <marc:subfield code="a">Bernatzky, Günther</marc:subfield>
      <marc:subfield code="4">edt</marc:subfield>
      <marc:subfield code="e">Bearbeiter/-in</marc:subfield>
   </marc:datafield>
   <marc:datafield ind1="1" ind2=" " tag="100">
      <marc:subfield code="a">Kreutz, Gunter</marc:subfield>
      <marc:subfield code="4">edt</marc:subfield>
      <marc:subfield code="e">Bearbeiter/-in</marc:subfield>
   </marc:datafield>
   <marc:datafield ind1=" " ind2=" " tag="653">
      <marc:subfield code="a">Musik</marc:subfield>
   </marc:datafield>
   <marc:datafield ind1=" " ind2=" " tag="653">
      <marc:subfield code="a">Wohlbefinden</marc:subfield>
   </marc:datafield>
   <marc:datafield ind1=" " ind2=" " tag="653">
      <marc:subfield code="a">Musiktherapie</marc:subfield>
   </marc:datafield>
   <marc:datafield ind1=" " ind2=" " tag="653">
      <marc:subfield code="a">Musikerziehung</marc:subfield>
   </marc:datafield>
   <marc:datafield ind1=" " ind2=" " tag="653">
      <marc:subfield code="a">Musikmedizin</marc:subfield>
   </marc:datafield>
   <marc:datafield ind1=" " ind2=" " tag="653">
      <marc:subfield code="a">Musikergesundheit</marc:subfield>
   </marc:datafield>
   <marc:datafield ind1=" " ind2=" " tag="653">
      <marc:subfield code="a">Softcover / Medizin/Ganzheitsmedizin</marc:subfield>
   </marc:datafield>
   <marc:datafield ind1=" " ind2=" " tag="653">
      <marc:subfield code="a">Aufsatzsammlung</marc:subfield>
   </marc:datafield>
   <marc:datafield ind1="0" ind2="0" tag="245">
      <marc:subfield code="a">Musik und Medizin</marc:subfield>
   </marc:datafield>
   <marc:datafield ind1="0" ind2="0" tag="245">
      <marc:subfield code="b">Chancen für Therapie, Prävention und Bildung</marc:subfield>
   </marc:datafield>
   <marc:datafield ind1="0" ind2="0" tag="245">
      <marc:subfield code="c">Günther Bernatzky ; Gunter Kreutz (Hrsg.)</marc:subfield>
   </marc:datafield>
   <marc:datafield ind1=" " ind2="1" tag="264">
      <marc:subfield code="a">Wien</marc:subfield>
      <marc:subfield code="b">Springer</marc:subfield>
      <marc:subfield code="c">2015</marc:subfield>
   </marc:datafield>
   <marc:datafield ind1="1" ind2=" " tag="520">
      <marc:subfield code="a">Angaben aus der Verlagsmeldung

Musik und Medizin : Chancen für Therapie, Prävention und Bildung

Dieses Buch stellt den Stand aktueller Forschungen in der Musikmedizin und die Wirkung von Musik auf Gesundheit, Wohlbefinden und Lebensqualität dar und bietet wissenschaftliche Grundlagen für therapeutische, pädagogische und andere Anwendungsgebiete. Die enthaltenen Themen sind aus allen Bereichen des Musiklebens abgeleitet: Musikmedizinische und musiktherapeutische Ansätze bilden wichtige Aspekte, aber auch verbreitete musikalische Aktivitäten wie Laienmusizieren, Chorsingen, Musikhören und Tanzen sowie Entwicklungsaspekte über die gesamte Lebensspanne werden hinsichtlich ihrer Auswirkungen auf Wohlbefinden und Gesundheit dargestellt.
Das Buch spannt den Bogen von den psychophysiologischen Grundlagen emotionaler Wirkungen des Musikhörens über ein Spektrum musikpsychologischer und -therapeutischer Interventionen in medizinischen Bereichen bis zur Bedeutung musikalischer Aktivität und des Musiklernens zur Prävention aus Entwicklungs-, Bildungs- und geriatrischer bzw. geronto-psychiatrischer Sicht.
</marc:subfield>
   </marc:datafield>
   <marc:datafield ind1=" " ind2=" " tag="020">
      <marc:subfield code="a">9783709115985</marc:subfield>
      <marc:subfield code="9">9783709115985</marc:subfield>
   </marc:datafield>
   <marc:datafield ind1=" " ind2=" " tag="020">
      <marc:subfield code="a">3709115981</marc:subfield>
      <marc:subfield code="9">3709115981</marc:subfield>
   </marc:datafield>
   <marc:datafield ind1=" " ind2=" " tag="041">
      <marc:subfield code="a">ger</marc:subfield>
   </marc:datafield>
   <marc:datafield ind1=" " ind2=" " tag="300">
      <marc:subfield code="a">XXI, 442 S.</marc:subfield>
   </marc:datafield>
</marc:record>
